[Event "AUS-ch U18"]
[Site "Adelaide"]
[Date "1998.01.25"]
[Round "11"]
[White "Errington, James"]
[Black "Kingston, Robert"]
[Result "1-0"]
[WhiteElo "1315"]
[BlackElo "1120"]
[PlyCount "43"]
[EventDate "1998.01.12"]
[EventType "swiss"]
[EventRounds "11"]
[EventCountry "AUS"]
[SourceTitle "EXT 2024"]
[Source "ChessBase"]
[SourceDate "2023.10.10"]
[SourceVersion "1"]
[SourceVersionDate "2023.10.10"]
[SourceQuality "1"]

1. e4 c5 2. c3 g6 3. d4 cxd4 4. cxd4 d5 5. exd5 Nf6 6. Bc4 Nxd5 7. Nf3 Nc6 8. Ng5 e6 9. 0-0 Bg7 10. Nf3 Nde7 11. Be3 Nf5 12. Bb5 Bd7 13. Bxc6 Bxc6 14. Ne5 Bb5 15. Re1 Rc8 16. Nc3 Ba6 17. Qa4+ Kf8 18. Ne4 Bxe5 19. dxe5 Rc4 20. Qa3+ Kg7 21. Bg5 Qc8 22. Bf6+ 1-0

[Event "AUS-ch U18"]
[Site "Adelaide"]
[Date "1998.01.21"]
[Round "8"]
[White "Errington, James"]
[Black "Poulton, Chris"]
[Result "1-0"]
[WhiteElo "1315"]
[BlackElo "1094"]
[PlyCount "81"]
[EventDate "1998.01.12"]
[EventType "swiss"]
[EventRounds "11"]
[EventCountry "AUS"]
[SourceTitle "EXT 2024"]
[Source "ChessBase"]
[SourceDate "2023.10.10"]
[SourceVersion "1"]
[SourceVersionDate "2023.10.10"]
[SourceQuality "1"]

1. e4 c5 2. c3 d5 3. exd5 Qxd5 4. d4 Nc6 5. Nf3 Bg4 6. Be2 cxd4 7. cxd4 e6 8. Nc3 Bb4 9. 0-0 Bxc3 10. bxc3 Qd7 11. Qc2 Bf5 12. Bd3 Bxd3 13. Qxd3 Nge7 14. Ng5 h6 15. Ne4 b6 16. Re1 0-0 17. Bxh6 Ng6 18. Qg3 Nce7 19. Bd2 Nf5 20. Qh3 f6 21. Ng3 Nxg3 22. Qxg3 Kf7 23. Re4 Ne7 24. Rae1 Nf5 25. Qf3 Nd6 26. Qh5+ Ke7 27. Rxe6+ Qxe6 28. Rxe6+ Kxe6 29. Qg4+ Ke7 30. Qxg7+ Rf7 31. Qg4 Rh8 32. Qe2+ Kd7 33. Qg4+ Ke7 34. d5 f5 35. Qe2+ Kd8 36. Qe6 Rd7 37. Bg5+ Kc7 38. Bf4 Kd8 39. Bxd6 Re8 40. Qf6+ Kc8 41. g3 1-0

[Event "AUS-ch U18"]
[Site "Adelaide"]
[Date "1998.01.15"]
[Round "4"]
[White "Errington, James"]
[Black "Dobes, Martin"]
[Result "1-0"]
[WhiteElo "1315"]
[BlackElo "1074"]
[PlyCount "85"]
[EventDate "1998.01.12"]
[EventType "swiss"]
[EventRounds "11"]
[EventCountry "AUS"]
[SourceTitle "EXT 2024"]
[Source "ChessBase"]
[SourceDate "2023.10.10"]
[SourceVersion "1"]
[SourceVersionDate "2023.10.10"]
[SourceQuality "1"]

1. e4 e6 2. d4 d5 3. Nc3 Nf6 4. e5 Ne4 5. Nxe4 dxe4 6. f4 exf3 7. Nxf3 c5 8. c3 Nc6 9. Be2 Qb6 10. 0-0 Be7 11. b3 0-0 12. Qd3 h6 13. Bd1 cxd4 14. Bc2 dxc3+ 15. Be3 Qxe3+ 16. Qxe3 Nb4 17. Qxc3 Nd5 18. Qd3 g6 19. Qd2 Bc5+ 20. Kh1 Be3 21. Qe1 Bd7 22. Bd3 Rac8 23. Bc4 Bb6 24. Bxd5 exd5 25. Qd2 Bc6 26. Qxh6 Bd8 27. Ng5 Bxg5 28. Qxg5 d4 29. e6 fxe6 30. Qxg6+ Kh8 31. Qh6+ Kg8 32. Qxe6+ Kh7 33. Qe7+ Kg8 34. Qg5+ Kh8 35. Qh4+ Kg8 36. Rxf8+ Rxf8 37. Qg4+ Kh7 38. Qxd4 a6 39. Re1 Rg8 40. Qh4+ Kg7 41. Re3 Rf8 42. Qg4+ Kf7 43. Qf4+ 1-0